The Davidson Debate : Bourgeois Revolutions in Historical Perspective /

In the words of Mike Davis, Neil Davidson's How Revolutionary Were the Bourgeois Revolutions? (2012) "resets the entire debate on the character of revolutions: bourgeois, democratic, and socialist". Epic in scale and nuanced in its address to a wide range of questions on the emergence...

وصف كامل

محفوظ في:

المؤلف الرئيسي: Davidson, Neil (مؤلف)

التنسيق: كتاب الكتروني

اللغة: English

منشور في: Leiden ; Boston : Brill, 2025.

سلاسل: Historical Materialism Book Series ; 343.
Social Sciences E-Books Online, Collection 2025.

الموضوعات:

الوصول للمادة أونلاين: Login to view Source

الوسوم: إضافة وسم

لا توجد وسوم, كن أول من يضع وسما على هذه التسجيلة!

رقم الطلب: D410

LEADER 02641nam a22004818i 4500
001 BRILL9789004724341
003 nllekb
005 20251230231211.0
006 m d
007 cr un uuuua
008 250207s2025 gw sb 001 0 eng d
020 |a 9789004724341  |q (electronic book) 
020 |z 9789004724327  |q (print) 
024 7 |a 10.1163/9789004724341  |2 DOI 
035 |z (OCoLC)1477208960 
040 |a NL-LeKB  |c NL-LeKB  |e rda 
041 |a eng 
050 4 |a D410 
072 7 |a JHB  |2 bicssc 
072 7 |a SOC  |x 026000  |2 bisacsh 
082 0 4 |a 910.82  |2 23 
100 1 |a Davidson, Neil,  |e author. 
245 1 4 |a The Davidson Debate :  |b Bourgeois Revolutions in Historical Perspective /  |c Neil Davidson. 
246 3 |a Bourgeois Revolutions in Historical Perspective 
264 1 |a Leiden ;  |a Boston :  |b Brill,  |c 2025. 
264 4 |c ©2025 
300 |a 1 online resource (252 pages) :  |b illustrations. 
336 |a text  |b txt  |2 rdacontent 
337 |a computer  |b c  |2 rdamedia 
338 |a online resource  |2 rdacarrier 
490 1 |a Historical Materialism Book Series ;  |v 343 
490 1 |a Social Sciences E-Books Online, Collection 2025 
504 |a Includes bibliographical references and index. 
520 |a In the words of Mike Davis, Neil Davidson's How Revolutionary Were the Bourgeois Revolutions? (2012) "resets the entire debate on the character of revolutions: bourgeois, democratic, and socialist". Epic in scale and nuanced in its address to a wide range of questions on the emergence of capitalism, Davidson's book made a major contribution to understanding the historical character of political change. The Davidson Debate brings Bridget Fowler's introduction to the debates, with three important responses to the book by Dylan Riley, Charles Post and Heide Gerstenberger, as well as the authors long and sustained reply to his critics. Supplementing and extending his earlier work, this book represents an important further contribution to Marxist scholarship. The Davidson debate will, no doubt continue, and this collection will play an important role in future discussion of the important questions it addressed. 
546 |a English 
588 |a Description based on print version record. 
650 0 |a History. 
776 0 8 |i Print version:  |t The Davidson Debate : Bourgeois Revolutions in Historical Perspective.  |d Leiden ; Boston : Brill, 2025.  |z 9789004724327 
830 0 |a Historical Materialism Book Series ;  |v 343. 
830 0 |a Social Sciences E-Books Online, Collection 2025. 
856 4 |z DOI:   |u http://dx.doi.org/10.1163/9789004724341 
942 |2 lcc  |c EBOOK 
999 |c 61705  |d 61705